000 00585nam a2200193Ia 4500
005 20250923145010.0
008 008 250917s9999 xx 000 0 eng d
037 _aTextual
040 _aDSWL
_beng
_cDSWL
041 _aeng
_2eng
084 _aY:81.4'N5, N55
_qDSWL
245 0 _aInternational action in Asia and the far east housing buildings and planning
_cby United Nations
260 _aNew York
_b United Nations
_c1955
300 _a131 p.
365 _aUSD
_b1.25
925 _g1.25
942 _cTEXL
_hY:81.4'N5, N55
999 _c1445878
_d1445878